Moderné spôsoby pestovania a spracovania koreňovej zeleniny

Salvato in:
Dettagli Bibliografici
Autore principale: Polák, Matej
Natura: Libro
Lingua:slovacco
Pubblicazione: Prešov ManaCon 2000
Soggetti:
Tags: Aggiungi Tag
Nessun Tag, puoi essere il primo ad aggiungerne!!

MARC

LEADER 00000nam$a2200000$$$4500
001 0048026
005 20240111125633.7
020 |a 80-89040-02-0 
041 0 |a slo 
044 |a SK 
245 1 0 |a Moderné spôsoby pestovania a spracovania koreňovej zeleniny  |c Matej Polák 
264 1 |a Prešov  |b ManaCon  |c 2000 
300 |a 186 s. 
610 2 0 |a zelenina 
610 2 0 |a poľnohospodárstvo 
610 2 0 |a produkty 
610 2 0 |a výrobky poľnohospodárske 
100 1 |a Polák, Matej